[Event "11th American Continental Women 2018"]
[Site "Envigado"]
[Date "2018.11.18"]
[Round "3.7"]
[White "Cosme Contreras, Trilce"]
[Black "Rodriguez Rueda, Paula Andrea"]
[Result "0-1"]
[WhiteElo "1829"]
[BlackElo "2275"]
[Annotator "TA"]
[PlyCount "88"]
[EventDate "2018.11.17"]
[EventType "swiss"]
[EventRounds "9"]
[EventCountry "COL"]
[SourceTitle "playchess.com"]
[Source "ChessBase"]
[SourceQuality "1"]

{[%evp 12,88,-10,-20,-12,-54,-32,-68,-62,-41,-61,-83,-77,-71,0,-62,-56,-71,-59,-56,2,0,0,-15,-22,-77,-75,-71,-59,-89,-79,-81,-122,-149,-80,-76,-79,-76,-61,-45,-52,-52,38,0,0,0,0,-22,-38,-75,-12,-17,0,-297,-283,-294,-287,-222,-153,-153,-147,-155,-154,-163,-148,-392,-469,-454,-460,-454,-450,-1038,-1038,-29992,-29993,-29997,-29998,-29998,-29999]} 1. c4 Nf6 2. Nc3 e6 3. Nf3 d5 4. d4 c6 5. Bg5 h6 6. Bh4 dxc4 7. e3 b5 {D43: Semi-Slav: 5 Bg5 h6} 8. Be2 a6 $146 ({Predecessor:} 8... Bb7 9. O-O Be7 10. Ne5 Nbd7 11. Bg3 Nxe5 12. Bxe5 O-O 13. Bf3 Qb6 14. a4 Rad8 15. Qc2 {0-1 (32) Cruz,F (2345)-Granda Zuniga,J (2623) Arequipa 2003}) 9. h3 Be7 {Black is slightly better.} 10. O-O O-O 11. Ne5 Bb7 12. Bf3 Nd5 (12... Nfd7 $1 $17 13. Bg3 Nxe5 14. Bxe5 Nd7) 13. Bg3 (13. Bxe7 $11 Qxe7 14. Ne4) 13... Nd7 $15 14. Nxd7 Qxd7 15. Ne4 Rad8 (15... Rfe8 $15) 16. Nc5 Qc8 {...Bxc5 is the strong threat.} 17. Qe2 Rfe8 18. a3 (18. b3 $11) 18... Bxc5 $17 19. dxc5 e5 {[%cal Be6e5,Be5f4][%mdl 32]} 20. e4 Nf4 21. Bxf4 exf4 22. Rad1 {[#]} Qc7 ({Black should try} 22... Rd5 $1 {[%mdl 512]} 23. Qe1 (23. Rxd5 cxd5) 23... Rxc5) 23. Rxd8 Qxd8 24. Rd1 Qe7 25. Rd6 Qe5 26. Qd2 $1 a5 ({Better is} 26... Kf8 $15) 27. Rd7 Bc8 28. Rd8 a4 29. Qd6 Qxd6 30. Rxd6 $11 {[%mdl 4096] Endgame KRB-KRB} Bb7 (30... Kf8 $1 $17) 31. Rd7 Bc8 32. Rc7 $2 {[%mdl 8192]} (32. Rd6 $1 $11 {and White has nothing to worry.}) 32... b4 33. axb4 a3 $1 {[%cal Ra3b2]} 34. bxa3 Rd8 $1 35. e5 Bf5 {Strongly threatening ...c3.} 36. Bxc6 ({Avoid the trap} 36. Rxc6 $2 c3 $19) 36... c3 37. Ba4 {[#] And now b5 would win.} Ra8 $1 {[%cal Ra8a4]} 38. Bd1 $2 ({Don't go for} 38. Bb3 $2 Rxa3 39. Rc8+ Bxc8 $19) (38. e6 $17 {was forced.} Bxe6 39. Bc2 Rxa3 40. Rb7 Ra1+ 41. Kh2) 38... Rxa3 $19 39. Kh2 Ra1 40. Bb3 {[#]} Rb1 $1 {[%cal Rb1b3]} 41. Bxf7+ (41. Ba4 $142 Rxb4 42. Ra7) 41... Kh7 {aiming for ...c2.} 42. e6 c2 {Black mates.} 43. e7 c1=Q {[%csl Gb1][%cal Rc1h1]} 44. Bg8+ Kh8 {Accuracy: White = 36%, Black = 58%.} 0-1

[Event "11th American Continental Women 2018"]
[Site "Envigado"]
[Date "2018.11.18"]
[Round "3.8"]
[White "Cori T., Deysi"]
[Black "Caballero Quijano, Mitzy Mishell"]
[Result "1-0"]
[WhiteElo "2406"]
[BlackElo "1992"]
[Annotator "TA"]
[PlyCount "89"]
[EventDate "2018.11.17"]
[EventType "swiss"]
[EventRounds "9"]
[EventCountry "COL"]
[SourceTitle "playchess.com"]
[Source "ChessBase"]
[SourceQuality "1"]

{[%evp 23,89,25,27,16,45,27,47,39,50,43,52,45,49,47,39,34,74,76,81,80,81,25,0,0,91,70,69,75,91,91,314,304,425,439,417,423,492,490,472,411,630,624,930,914,902,520,1243,1187,839,806,762,394,697,691,705,388,1050,381,859,852,1141,644,1168,1058,5318,4374,29982,29977]} 1. d4 Nf6 2. Nf3 d5 3. c4 e6 4. g3 c6 5. Bg2 Bd6 6. O-O Nbd7 7. Nbd2 O-O 8. Qc2 Qe7 9. Rd1 {E01: Catalan: Early deviations} (9. Re1 e5 10. dxe5 Nxe5 11. cxd5 Nxd5 12. Nxe5 Bxe5 13. Nc4 Bf6 14. Bd2 Qc5 15. Rac1 Be6 16. Na5 Qb6 17. a3 Qxb2 {0-1 (65) Jumabayev,R (2545)-Timofeev,A (2631) St Petersburg 2012}) 9... b6 10. e4 dxe4 11. Nxe4 Nxe4 12. Qxe4 Bb7 {LiveBook: 3 Games} 13. Bg5 Nf6 14. Qe2 h6 15. Bxf6 Qxf6 16. Ne5 Rfc8 $146 ({Predecessor:} 16... Bxe5 17. dxe5 Qe7 18. Rd6 c5 19. Bxb7 Qxb7 20. Rad1 {1-0 (69) Doner,M (1879)-Akkok,D (1730) Konya 2017}) 17. Rac1 Rc7 18. Rd3 Qe7 19. Rcd1 Rd8 20. c5 Bxe5 21. dxe5 Rcd7 22. cxb6 (22. Rd6 $16) 22... axb6 $11 23. h4 Kf8 (23... c5 $11 {keeps the balance.}) 24. b4 {[%cal Bb2b4,Bb4b5,Bb5c6][%mdl 32]} Rxd3 25. Rxd3 Rxd3 26. Qxd3 {Hoping for b5.} Qc7 $2 {[#]} (26... Ke8 $16) 27. b5 $1 $18 Ke8 28. Qe4 Kd7 29. Qf3 Ke8 30. bxc6 Bc8 31. Qc3 h5 (31... Ba6 $142 32. f4 Qe7) 32. Bf3 g6 33. Qd4 Ba6 34. a4 Ke7 (34... b5 $142 35. Qd3 Qd8) 35. Qb4+ Ke8 36. Kg2 Bc8 37. Qb5 Ke7 $2 {[#]} (37... Kf8 38. Kh2 Kg7) 38. Be4 Ke8 39. f4 Ke7 $2 (39... Qa7 40. c7+ Kf8) 40. Kf3 $2 (40. Qb4+ Ke8 41. Qd6 Qxd6 42. exd6) 40... Ke8 $2 (40... Kf8 41. Bd3 Kg7) 41. Qb4 Ba6 42. Ke3 Qe7 43. Qd6 Qxd6 44. exd6 Kd8 45. Kd4 {Accuracy: White = 56%, Black = 25%.} 1-0

[Event "11th American Continental Women 2018"]
[Site "Envigado"]
[Date "2018.11.18"]
[Round "3.9"]
[White "Besso, Guadalupe"]
[Black "Aliaga Fernandez, Ingrid Y"]
[Result "1-0"]
[WhiteElo "2069"]
[BlackElo "2194"]
[Annotator "TA"]
[PlyCount "55"]
[EventDate "2018.11.17"]
[EventType "swiss"]
[EventRounds "9"]
[EventCountry "COL"]
[SourceTitle "playchess.com"]
[Source "ChessBase"]
[SourceQuality "1"]

{[%evp 23,55,-37,-38,-45,-41,-47,-41,-46,-26,-40,-32,-52,-17,-40,-22,-21,0,0,-2,-13,0,-20,11,0,50,0,80,-98,-116,-768,-672,-1657,-1134,-1204]} 1. d4 d5 2. c4 dxc4 3. Nf3 Nf6 4. e3 e6 5. Bxc4 a6 6. O-O b5 7. Bb3 Bb7 8. Qe2 Nbd7 9. Rd1 c5 10. dxc5 Bxc5 11. Nc3 Qc7 12. h3 O-O 13. Bd2 {D29: Queen's Gambit Accepted: Classical main line: 7 Qe2 with early ...Nbd7} (13. a3 Rfd8 14. Bd2 Ne5 15. Ne1 Qc6 16. Bc2 Nc4 17. Bc1 Be7 18. Na2 Rxd1 19. Qxd1 Rd8 20. Qe2 Ne4 21. Bxe4 Qxe4 {0-1 (38) Gyokbulut,J (2098)-Yildiz,B (2296) Kocaeli 2014}) 13... Rac8 14. Rac1 Qb8 15. Be1 $146 {Black is slightly better.} ({Predecessor:} 15. a3 b4 16. axb4 Bxb4 17. Bc2 Bxc3 18. Bxc3 Ne4 {½-½ (18) Siegmund,R (2187)-Hostalet Ferrer,P (2092) Benidorm 2007}) 15... Ne5 16. Nd4 Rfe8 17. a3 Qa8 18. Qf1 Ng6 19. f3 Qa7 20. Bf2 Qb8 21. Nce2 Ba8 22. e4 Ba7 23. Qe1 h5 24. Qa5 Qb7 {[#]} (24... Rxc1 $11 25. Rxc1 Ne5) 25. Be3 $2 (25. Rxc8 $1 $16 {stays on course.} Rxc8 26. Nxe6) 25... Nxe4 26. fxe4 $2 {[%mdl 8192]} (26. Rxc8 $17 Rxc8 27. Kh1) 26... Qxe4 $19 {[%csl Ga8][%cal Re4g2][%mdl 64] Double Attack} 27. Nf3 Bxe3+ 28. Kh2 {[%mdl 32768] Accuracy: White = 17%, Black = 20%. . Sensor Board Error (Ke4/e5)?} 1-0

[Event "11th American Continental Women 2018"]
[Site "Envigado"]
[Date "2018.11.18"]
[Round "3.10"]
[White "Franco Valencia, Beatriz Irene"]
[Black "Toro Castaneda, Elizabeht"]
[Result "1/2-1/2"]
[WhiteElo "2191"]
[BlackElo "1932"]
[Annotator "TA"]
[PlyCount "83"]
[EventDate "2018.11.17"]
[EventType "swiss"]
[EventRounds "9"]
[EventCountry "COL"]
[SourceTitle "playchess.com"]
[Source "ChessBase"]
[SourceQuality "1"]

{[%evp 12,83,35,26,35,35,47,52,54,36,48,37,39,24,39,41,41,32,40,0,0,-18,0,-11,0,-27,-13,-29,14,8,8,0,206,198,203,210,214,176,225,73,257,237,250,21,219,0,0,0,0,0,0,0,0,0,0,-161,-163,-154,-154,-137,-154,-137,-111,-139,-138,-363,-341,-285,-85,-85,-85,-85,-100,-117]} 1. d4 Nf6 2. g3 g6 3. Bg2 Bg7 4. e4 d6 5. Nc3 Na6 (5... O-O 6. Nge2 e5 7. O-O Nc6 8. dxe5 dxe5 9. b3 a5 10. Bb2 b6 11. Nd5 Bb7 12. Re1 Re8 13. Qd2 Nb4 14. Rad1 c6 15. Ne3 Qxd2 16. Rxd2 Bh6 {1-0 (54) Vachier Lagrave,M (2796)-Ivanchuk,V (2738) Leuven 2017}) 6. Nge2 {B07: Pirc Defence: Miscellaneous Systems} c5 7. d5 {LiveBook: 4 Games} Nc7 8. a4 {White is slightly better.} Bd7 9. O-O O-O 10. h3 b6 $146 ({Predecessor:} 10... b5 11. axb5 Nxb5 12. f4 Ne8 13. Nxb5 Bxb5 14. Re1 Nc7 15. Nc3 Bd7 16. e5 Nb5 17. Nxb5 Bxb5 18. Bd2 a5 19. Bc3 a4 20. Qd2 Qb6 21. g4 {½-½ (21) Juranic,B (2184)-Fradkin,B (2426) Opatija 2013}) 11. f4 Rb8 12. g4 a6 13. Ng3 b5 14. axb5 axb5 15. e5 (15. g5 $14) 15... Nfe8 $11 16. Nce4 b4 17. exd6 exd6 18. f5 {[%cal Bf4f5,Bf5f6][%mdl 32] And now f6! would win.} Bd4+ 19. Kh1 Bb5 20. Rf3 $36 {[%mdl 2048] White is more active.} Bc4 21. Bh6 (21. c3 {with more complications.} bxc3 22. bxc3 Bg7 23. Bg5 f6 24. Bd2) 21... Bg7 $2 (21... Bxb2 $11 22. Bxf8 Kxf8) 22. Bxg7 $18 Kxg7 23. f6+ $1 Kg8 24. Qd2 {Strongly threatening Qh6.} Bxd5 {[#]} 25. Raf1 $2 (25. Qh6 $1 $18 {and the rest is easy. Intending Ng5! and mate.} Ne6 26. Re1) 25... Bb7 $2 (25... Bxe4 $16 26. Nxe4 d5 27. Nxc5 Rb5) 26. Qh6 {White threatens Ng5! and mate.} Ne6 27. R3f2 $2 (27. h4 $18) 27... Qc7 $2 (27... d5 $11 {and Black has nothing to worry.} 28. Ng5 Nxg5 29. Qxg5 b3) 28. Nf5 $2 (28. Re2 $18) 28... Bxe4 $1 $11 ({Don't go for} 28... gxf5 $2 29. gxf5 Kh8 30. fxe6 $18) 29. Ne7+ $1 Kh8 30. Bxe4 Nxf6 $1 {[#]} 31. Nxg6+ $1 {[%mdl 512]} fxg6 {[%cal Bf7g6,Bg6g5][%mdl 32]} 32. Rxf6 Qg7 33. Qh4 $2 {[#]} (33. g5 $1 $11 {and White is okay.}) 33... g5 $1 $19 {[%cal Rg5h4]} 34. Rxf8+ Rxf8 35. Rxf8+ Nxf8 36. Qf2 Ng6 37. Bxg6 hxg6 38. b3 $2 (38. c3 $17 {is a better defense.}) 38... Qa1+ 39. Kg2 Qe5 $2 (39... Kg7 $19 {is more deadly.} 40. Qe2 Qe5) 40. Qf8+ $17 {Black is better.} Kh7 41. Qf7+ Qg7 42. Qe6 {Accuracy: White = 52%, Black = 51%.} 1/2-1/2

[Event "11th American Continental Women 2018"]
[Site "Envigado"]
[Date "2018.11.18"]
[Round "3.11"]
[White "Prado, Alexandra"]
[Black "Cordero, Daniela"]
[Result "0-1"]
[WhiteElo "1873"]
[BlackElo "2085"]
[Annotator "NA RC"]
[PlyCount "94"]
[EventDate "2018.11.17"]
[EventType "swiss"]
[EventRounds "9"]
[EventCountry "COL"]
[SourceTitle "playchess.com"]
[Source "ChessBase"]
[SourceQuality "1"]
[TimeControl "40/5400+30:1800+30"]

1. e4 e6 2. d3 d5 3. Nd2 Nf6 4. g3 dxe4 5. dxe4 Nc6 6. Bg2 e5 7. Ngf3 Bc5 8. O-O O-O 9. c3 a5 10. a4 b6 11. h3 Ba6 12. Re1 Qe7 13. Nh4 g6 14. Qb3 Nh5 15. Nf1 Nxg3 16. Nf5 Nxf5 17. exf5 Qf6 18. Be3 gxf5 19. Bxc5 bxc5 20. Qd5 e4 21. Qxc5 Ne5 22. Re3 Kh8 23. Ng3 f4 24. Rxe4 fxg3 25. Qxe5 gxf2+ 26. Kh2 Qxe5+ 27. Rxe5 Rae8 28. Rxa5 Re1 29. Rxa6 Rxa1 30. Rf6 Rxa4 31. Rxf2 Kg7 32. Bd5 Ra1 33. b4 f5 34. b5 Kf6 35. c4 Ke5 36. Re2+ Kd4 37. Kg2 f4 38. Kf2 Ra3 39. Re4+ Kd3 40. Re7 Ra2+ 41. Kf3 Ra3 42. Rxh7 Kd4+ 43. Kf2 f3 44. Rf7 Rxf7 45. Bxf7 Ke5 46. Bd5 Kf4 47. Bxf3 Rxf3+ 0-1

[Event "11th American Continental Women 2018"]
[Site "Envigado"]
[Date "2018.11.18"]
[Round "3.12"]
[White "Castrillon Gomez, Melissa"]
[Black "Ocampo, Cristina"]
[Result "1/2-1/2"]
[WhiteElo "2301"]
[BlackElo "1771"]
[Annotator "RC"]
[PlyCount "89"]
[EventDate "2018.11.17"]
[EventType "swiss"]
[EventRounds "9"]
[EventCountry "COL"]
[SourceTitle "playchess.com"]
[Source "ChessBase"]
[SourceQuality "1"]
[TimeControl "40/5400+30:1800+30"]

1. e4 e5 2. Nf3 Nc6 3. Bb5 a6 4. Ba4 Nf6 5. O-O b5 6. Bb3 Be7 7. Re1 O-O 8. h3 d6 9. c3 Be6 10. Bc2 d5 11. d4 Nxe4 12. dxe5 Bc5 13. Be3 Bxe3 14. Rxe3 Re8 15. Nbd2 Nxd2 16. Qxd2 Ne7 17. Nd4 Qd7 18. g4 c5 19. Ne2 Nc6 20. f4 d4 21. cxd4 Nxd4 22. Nxd4 Qxd4 23. Qxd4 cxd4 24. Rd3 Rac8 25. Rd2 h5 26. Bd1 hxg4 27. hxg4 Rcd8 28. b3 Re7 29. Bf3 d3 30. Rad1 Rd4 31. Kf2 Rxf4 32. Kg3 Rd4 33. Rxd3 Rxd3 34. Rxd3 a5 35. Rd8+ Kh7 36. Ra8 a4 37. bxa4 b4 38. Be4+ g6 39. Kf4 Bxa2 40. a5 b3 41. a6 b2 42. a7 Bd5 43. Rb8 Bxe4 44. Kxe4 Rxa7 45. Rxb2 1/2-1/2

[Event "11th American Continental Women 2018"]
[Site "Envigado"]
[Date "2018.11.18"]
[Round "3.13"]
[White "Munoz Monroy, Cinthya Carolina"]
[Black "Zapata, Olga Maria"]
[Result "1-0"]
[WhiteElo "2032"]
[BlackElo "1695"]
[Annotator "NA RC"]
[PlyCount "125"]
[EventDate "2018.11.17"]
[EventType "swiss"]
[EventRounds "9"]
[EventCountry "COL"]
[SourceTitle "playchess.com"]
[Source "ChessBase"]
[SourceQuality "1"]
[TimeControl "40/5400+30:1800+30"]

1. e4 d5 2. exd5 Qxd5 3. Nc3 Qa5 4. d4 c6 5. Nf3 Bg4 6. h3 Bxf3 7. Qxf3 Nf6 8. Bc4 e6 9. Bd2 Qb6 10. Qd3 Nbd7 11. O-O Bd6 12. Rfe1 O-O 13. Ne4 Nxe4 14. Rxe4 Nf6 15. Rh4 g6 16. Re1 Rfe8 17. Qf3 Nd5 18. Bxd5 exd5 19. Rxe8+ Rxe8 20. Rxh7 Qc7 21. Rh4 Qe7 22. g3 f5 23. Rh6 Kg7 24. Be3 Qe4 25. Qxe4 Rxe4 26. Rh4 Rxh4 27. gxh4 f4 28. Bd2 Kf6 29. Kg2 Kf5 30. Kf3 b5 31. a3 a6 32. Bb4 Bc7 33. Be7 Bb8 34. Bf8 Bc7 35. Bh6 Bd6 36. Bg7 Bc7 37. Be5 Bd8 38. Bxf4 Bxh4 39. Be3 Be7 40. Bd2 Bh4 41. Bb4 Bf6 42. c3 Bd8 43. Bd6 Bg5 44. b3 Bd8 45. Ke3 Bg5+ 46. Kd3 Bf6 47. c4 Bd8 48. a4 bxa4 49. bxa4 Bg5 50. f3 Ke6 51. Bg3 Bd8 52. cxd5+ Kxd5 53. Be1 Bf6 54. Bc3 Bg7 55. f4 Bf6 56. a5 Bg7 57. h4 Bf6 58. f5 gxf5 59. h5 Bg7 60. Bd2 f4 61. Bxf4 Bxd4 62. h6 Ba1 63. Bd2 1-0

[Event "11th American Continental Women 2018"]
[Site "Envigado"]
[Date "2018.11.18"]
[Round "3.14"]
[White "Barria Baker, Raisa Melissa"]
[Black "Gomez Guardo, Laura Meli"]
[Result "0-1"]
[WhiteElo "1941"]
[BlackElo "1842"]
[Annotator "NA RC"]
[PlyCount "60"]
[EventDate "2018.11.17"]
[EventType "swiss"]
[EventRounds "9"]
[EventCountry "COL"]
[SourceTitle "playchess.com"]
[Source "ChessBase"]
[SourceQuality "1"]
[TimeControl "40/5400+30:1800+30"]

1. d4 Nf6 2. Nf3 g6 3. c4 Bg7 4. Nc3 d6 5. h3 Nbd7 6. e4 e5 7. d5 Nc5 8. Qc2 a5 9. Be3 Qe7 10. Be2 O-O 11. Nd2 Ne8 12. Nb3 Nxb3 13. axb3 f5 14. exf5 Bxf5 15. Bd3 Qf7 16. O-O Qd7 17. f3 Nf6 18. Ne4 Nh5 19. Qd2 b6 20. g4 Bxe4 21. fxe4 Nf4 22. Bxf4 exf4 23. Rxf4 Bd4+ 24. Kh1 Rxf4 25. Qxf4 Rf8 26. Qg3 Qf7 27. Rd1 Be5 28. Qg2 Qf3 29. Rd2 Qe3 30. Bc2 Qe1+ 0-1

[Event "11th American Continental Women 2018"]
[Site "Envigado"]
[Date "2018.11.18"]
[Round "3.16"]
[White "Hoyos Garces, Rosana"]
[Black "Caballero Marrugo, Maria Jose"]
[Result "1/2-1/2"]
[WhiteElo "1586"]
[BlackElo "1338"]
[Annotator "NA RC"]
[PlyCount "58"]
[EventDate "2018.11.17"]
[EventType "swiss"]
[EventRounds "9"]
[EventCountry "COL"]
[SourceTitle "playchess.com"]
[Source "ChessBase"]
[SourceQuality "1"]
[TimeControl "40/5400+30:1800+30"]

1. e4 e5 2. Nf3 Nf6 3. Nxe5 d6 4. Nf3 Nxe4 5. Qe2 Qe7 6. d3 Nf6 7. Qxe7+ Bxe7 8. Be2 O-O 9. Be3 Nc6 10. O-O Be6 11. Nd4 Nxd4 12. Bxd4 Nd5 13. Nc3 Nxc3 14. Bxc3 Rad8 15. a3 d5 16. Be5 Bd6 17. Bxd6 Rxd6 18. Rfe1 Re8 19. Bf3 Kf8 20. Kf1 b6 21. Re2 Rd7 22. Rae1 Rde7 23. g3 d4 24. Kg2 c5 25. a4 Bd7 26. Rxe7 Rxe7 27. Rxe7 Kxe7 28. b3 Kd6 29. h4 Ke5 1/2-1/2

[Event "11th American Continental Women 2018"]
[Site "Envigado"]
[Date "2018.11.19"]
[Round "4.1"]
[White "Llaudy Pupo, Lisandra"]
[Black "Ortiz Verdesoto, Anahi"]
[Result "1-0"]
[WhiteElo "2302"]
[BlackElo "2115"]
[Annotator "TA"]
[PlyCount "97"]
[EventDate "2018.11.17"]
[EventType "swiss"]
[EventRounds "9"]
[EventCountry "COL"]
[SourceTitle "playchess.com"]
[Source "ChessBase"]
[SourceQuality "1"]

{[%evp 12,97,120,123,121,25,33,37,54,56,58,54,76,77,85,72,120,123,117,95,115,114,137,141,162,132,127,127,194,176,179,202,223,230,234,239,278,194,194,193,182,197,190,198,196,184,225,229,223,241,241,114,181,189,178,183,341,301,475,465,472,474,517,487,629,629,620,599,589,593,620,620,1616,1603,29970,29967,29975,29976,29980,29981,29981,29982,29982,29983,29983,29984,29985,29986]} 1. e4 e5 2. Nf3 Nc6 3. Bb5 Nge7 4. Nc3 g6 5. d4 exd4 6. Nd5 {C60: Ruy Lopez: Unusual Black 3rd moves and 3...g6} Nxd5 (6... Bg7 7. Bg5 h6 8. Bf6 Bxf6 9. Nxf6+ Kf8 10. Qd2 a6 11. Bc4 Nf5 12. Nd5 Nd6 13. Bd3 Kg7 14. O-O-O Re8 {1-0 (47) Navara,D (2726)-Movsesian,S (2653) Prague 2016}) 7. exd5 {LiveBook: 21 Games} Qe7+ 8. Be2 (8. Kf1 $16) 8... Ne5 $11 9. Nxd4 d6 10. O-O Bg7 11. Bb5+ c6 12. dxc6 O-O 13. Re1 $146 ({Predecessor:} 13. c3) 13... Qc7 {[%cal Rb7c6]} 14. cxb7 Bxb7 15. c3 Rab8 16. Bf1 Ba8 17. a4 d5 18. Nb5 Qd7 19. Bf4 f6 (19... Rbe8 $16 20. Qd2 a6) 20. b3 Qf7 21. Rc1 g5 22. Be3 a6 23. Nd4 f5 24. f4 (24. Bxa6 $6 f4 $18) 24... Ng4 25. fxg5 Qc7 {[%csl Gg4][%cal Rc7h2] [#]} 26. g3 ({Avoid the trap} 26. Bxa6 $2 Rbe8 $19) 26... Nxe3 27. Rxe3 f4 28. Rf3 fxg3 29. Rxg3 Qf4 {intending ...Rbc8.} 30. Rc2 ({Stronger than} 30. Bxa6 Rxb3 31. Kh1 Bxd4 $11) 30... Rbe8 31. Re2 (31. Bxa6 $18 {has better winning chances. g6 is the strong threat.} Re3 32. Rg4 Re1+ 33. Qxe1 Qxg4+ 34. Kh1) 31... Bxd4+ (31... Re4 $16) 32. cxd4 $18 Rxe2 33. Bxe2 ({Don't play} 33. Qxe2 Qxd4+ 34. Qe3 Qa1 $16) 33... Rc8 $2 (33... Bb7 {keeps fighting.} 34. g6 h6) 34. Qd3 Rf8 (34... Bb7 {was necessary.} 35. g6 Re8 36. gxh7+ Kh8) 35. g6 h5 36. Qe3 {White wants to mate with Qe6+.} Qxe3+ 37. Rxe3 {[%mdl 4096] Endgame KRB-KRB} Kg7 38. Bxh5 Kh6 39. Be2 Kxg6 40. Bxa6 Kg5 41. Bb5 Kf4 42. Re8 Rxe8 43. Bxe8 {KB-KB. White mates.} Ke3 44. h4 {[%cal Bh2h4,Bh4h5,Bh5h6,Bh6h7][%mdl 32]} Kxd4 45. h5 Ke5 46. h6 Kf6 47. h7 Kg7 {[#]} 48. Bg6 $1 {[%mdl 512]} d4 (48... Kxg6 49. h8=Q) 49. Bd3 {Accuracy: White = 66%, Black = 32%.} 1-0

[Event "11th American Continental Women 2018"]
[Site "Envigado"]
[Date "2018.11.19"]
[Round "4.2"]
[White "Rivera, Ingris"]
[Black "Fernandez, Maria Florencia"]
[Result "1/2-1/2"]
[WhiteElo "2188"]
[BlackElo "2198"]
[Annotator "TA"]
[PlyCount "40"]
[EventDate "2018.11.17"]
[EventType "swiss"]
[EventRounds "9"]
[EventCountry "COL"]
[SourceTitle "playchess.com"]
[Source "ChessBase"]
[SourceQuality "1"]

{[%evp 17,40,25,27,25,29,34,31,23,68,0,0,0,15,0,4,14,15,0,-14,-6,0,-7,-12,-12,-12]} 1. d4 d6 2. c4 e5 3. d5 f5 4. Nc3 Nf6 5. e4 fxe4 (5... g6 6. Bd3 Bg7 7. exf5 gxf5 8. Qc2 Qd7 9. Nh3 Na6 10. a3 Nc5 11. Be2 a5 12. Be3 h6 13. O-O {0-1 (27) Flom,G (2448)-Onischuk,V (2623) Bastia 2017}) 6. Nge2 {[%cal Bg1e2,Be2g3,Bg3e4][%mdl 32] A41: 1 d4 d6: Tartakower System and Modern Defence} Be7 7. Ng3 O-O 8. Ncxe4 Nxe4 9. Nxe4 Bf5 {LiveBook: 3 Games} 10. Bd3 Nd7 11. Qc2 Kh8 $146 ({Predecessor:} 11... h6 12. Be3 Bxe4 13. Bxe4 {1-0 (56) Shmeliov,D (2258)-Kovytev,N (2197) Kharkov 2004}) 12. O-O g6 13. Be3 (13. Bh6 $14) 13... Bxe4 $11 {The position is equal.} 14. Bxe4 Bg5 15. Rae1 {[%cal Ba1e1,Be1e3,Be3h3][%mdl 32]} Bxe3 16. Rxe3 Nf6 17. Rh3 {[#] Strongly threatening Bxg6.} Nxe4 18. Qxe4 Qg5 19. Qh4 Qxh4 20. Rxh4 Rf5 1/2-1/2

[Event "11th American Continental Women 2018"]
[Site "Envigado"]
[Date "2018.11.19"]
[Round "4.3"]
[White "Cervantes Landeiro, Thalia"]
[Black "Cori T., Deysi"]
[Result "0-1"]
[WhiteElo "2098"]
[BlackElo "2406"]
[Annotator "TA"]
[PlyCount "86"]
[EventDate "2018.11.17"]
[EventType "swiss"]
[EventRounds "9"]
[EventCountry "COL"]
[SourceTitle "playchess.com"]
[Source "ChessBase"]
[SourceQuality "1"]

{[%evp 14,86,25,5,35,1,37,-8,-22,-119,-112,-116,-101,-100,-116,-95,-96,-95,-93,-91,-89,-86,-75,-112,-99,-116,-117,-122,-115,-156,-165,-155,-158,-177,-167,-237,-245,-245,-244,-245,-239,-341,-341,-343,-321,-342,-338,-345,-343,-341,-333,-395,-387,-389,-366,-329,-281,-379,-384,-385,-383,-365,-365,-570,-566,-673,-654,-625,-608,-5218,-5218,-5206,-5206,-5173,-4133]} 1. d4 e6 2. c4 b6 3. Nc3 Bb7 4. Nf3 Bb4 5. e3 f5 6. Bd3 Nf6 7. O-O {A85: Dutch Defence: 2 c4 Nf6 3 Nc3} O-O 8. Nd2 {LiveBook: 6 Games} (8. Bd2 a5 9. d5 Na6 10. a3 Bxc3 11. Bxc3 Nc5 12. Bc2 exd5 13. cxd5 Nxd5 14. Bd4 Kh8 {0-1 (29) Mindlin,A (2472)-Sutovsky,E (2633) Ramat Gan 2018}) 8... d6 9. Qc2 $146 {White is slightly better.} ({Predecessor:} 9. Qb3 c5 10. Re1 a6 11. e4 Nc6 12. d5 Nd4 13. Qd1 fxe4 14. Ndxe4 Nxe4 15. Rxe4 Bxc3 16. bxc3 exd5 17. cxd5 Nf5 18. Rf4 Qd7 19. Rb1 b5 20. c4 b4 {0-1 (20) Kose,S-Wiltenburg,F IECG email 1999}) 9... Qe7 10. e4 Nc6 {[%cal Bb8c6,Bc6e5,Be5d3][%mdl 32]} 11. d5 {[#]} (11. Ne2 $11 {remains equal.}) 11... Ne5 $1 $17 12. exf5 Bxc3 13. Qxc3 Nxd3 14. Qxd3 exd5 15. Nf3 Qe4 $36 {[%mdl 2048] Black is on the roll.} 16. Qxe4 Nxe4 17. cxd5 Rxf5 18. Nd4 Rxd5 19. Be3 Re8 20. Rfc1 Re7 21. Nc6 Bxc6 $1 22. Rxc6 Nc5 23. b4 Nd3 24. Rc4 (24. a3 {might work better.}) 24... b5 $19 {[%cal Bb6b5,Bb5b4,Bb4b3][%mdl 32]} 25. Rh4 c5 26. bxc5 dxc5 27. a4 (27. Kf1 $142) 27... b4 28. Rc4 a5 29. Kf1 Rc7 30. Rd1 b3 31. Rb1 Ne5 32. Rc3 c4 33. Ke2 Re7 34. h3 Rd3 35. Rxd3 Nxd3 {[%mdl 4096] Endgame KRB-KRN} ({Stronger than} 35... cxd3+ 36. Kd2 $11) 36. Kd2 Rb7 37. Bd4 Rb4 38. Ra1 (38. Ke3 $142) 38... b2 {Black is clearly winning.} 39. Rb1 Rxa4 40. Bxb2 Rb4 41. Kc2 Rxb2+ 42. Rxb2 Nxb2 43. Kxb2 a4 {Accuracy: White = 37%, Black = 83%.} 0-1